[Event "30. Off. Senioren-LEM Sachsen-Anhalt 65+"]
[Site "Magdeburg"]
[Date "2022.08.04"]
[Time "10:00:00"]
[Round "4.10"]
[White "Schober, Ralf"]
[Black "Senebald, Roland"]
[Result "1-0"]
[WhiteElo "2065"]
[BlackElo "1858"]
[WhiteTeam "SV 1919 Grimma"]
[BlackTeam "PostTurnSportVerein Halle"]

1. e4 {[%clk 1:30:57]} d5 {[%clk 1:30:39]} 2. Nc3 {[%clk 1:30:45]} d4 {[%clk
1:29:19]} 3. Nce2 {[%clk 1:31:06]} c5 {[%clk 1:28:59]} 4. Ng3 {[%clk 1:31:28]}
Nc6 {[%clk 1:28:33]} 5. Nf3 {[%clk 1:26:10]} e5 {[%clk 1:27:28]} 6. Bb5 {[%clk
1:26:01]} Qc7 {[%clk 1:26:23]} 7. Bxc6+ {[%clk 1:25:40]} bxc6 {[%clk 1:26:44]} 8.
d3 {[%clk 1:26:01]} Nf6 {[%clk 1:25:49]} 9. O-O {[%clk 1:26:04]} Be7 {[%clk
1:25:58]} 10. h3 {[%clk 1:25:45]} O-O {[%clk 1:23:45]} 11. Qe2 {[%clk 1:25:15]}
h6 {[%clk 1:19:52]} 12. b3 {[%clk 1:24:51]} Be6 {[%clk 1:16:51]} 13. Nh2 {[%clk
1:23:26]} Bd6 {[%clk 1:13:52]} 14. Nh5 {[%clk 1:21:11]} Nxh5 {[%clk 1:10:59]} 15.
Qxh5 {[%clk 1:21:26]} Kh7 {[%clk 1:07:57]} 16. Ng4 {[%clk 1:15:54]} Bxg4 {[%clk
1:07:39]} 17. hxg4 {[%clk 1:15:44]} f6 {[%clk 1:06:31]} 18. g3 {[%clk 1:14:49]}
Qf7 {[%clk 1:03:52]} 19. Kg2 {[%clk 1:13:15]} Qxh5 {[%clk 1:02:00]} 20. gxh5
{[%clk 1:12:34]} f5 {[%clk 1:02:27]} 21. f3 {[%clk 1:11:26]} fxe4 {[%clk
0:54:43]} 22. fxe4 {[%clk 1:09:25]} Rxf1 {[%clk 0:54:18]} 23. Kxf1 {[%clk
1:08:51]} Rf8+ {[%clk 0:54:32]} 24. Kg2 {[%clk 1:09:10]} Rf6 {[%clk 0:53:24]} 25.
Ba3 {[%clk 1:08:55]} Kg8 {[%clk 0:53:31]} 26. Rc1 {[%clk 1:09:08]} Bf8 {[%clk
0:48:28]} 27. c3 {[%clk 1:07:12]} Kf7 {[%clk 0:48:07]} 28. cxd4 {[%clk 1:04:31]}
cxd4 {[%clk 0:48:31]} 29. Bc5 {[%clk 1:04:48]} Bxc5 {[%clk 0:47:08]} 30. Rxc5
{[%clk 1:04:46]} Re6 {[%clk 0:47:37]} 31. Kf3 {[%clk 1:03:31]} Kf6 {[%clk
0:46:56]} 32. Kg4 {[%clk 1:03:46]} Rd6 {[%clk 0:43:45]} 33. b4 {[%clk 1:00:27]}
Re6 {[%clk 0:40:06]} 34. Ra5 {[%clk 0:56:27]} 1-0

[Event "30. Off. Senioren-LEM Sachsen-Anhalt 65+"]
[Site "Magdeburg"]
[Date "2022.08.04"]
[Time "10:00:00"]
[Round "4.11"]
[White "Winkler, Karl"]
[Black "Schmidt, Joerg, Prof. Dr."]
[Result "1-0"]
[WhiteElo "1909"]
[BlackElo "2060"]
[WhiteTeam "SG Eintracht Neubrandenburg"]
[BlackTeam "Schachclub Rote Rueben Leipzig e"]

1. e4 {[%clk 1:30:54]} c5 {[%clk 1:30:55]} 2. d4 {[%clk 1:31:17]} cxd4 {[%clk
1:31:18]} 3. Qxd4 {[%clk 1:31:39]} Nc6 {[%clk 1:31:28]} 4. Qe3 {[%clk 1:32:02]}
d6 {[%clk 1:30:25]} 5. Nf3 {[%clk 1:31:57]} Nf6 {[%clk 1:29:14]} 6. Bc4 {[%clk
1:27:46]} e6 {[%clk 1:23:24]} 7. O-O {[%clk 1:26:58]} Be7 {[%clk 1:23:46]} 8. Nc3
{[%clk 1:23:50]} O-O {[%clk 1:22:09]} 9. h3 {[%clk 1:17:30]} a6 {[%clk 1:19:51]}
10. a4 {[%clk 1:11:16]} Qc7 {[%clk 1:17:42]} 11. Ba2 {[%clk 1:10:55]} Bd7 {[%clk
1:12:17]} 12. Rd1 {[%clk 1:04:41]} Rfd8 {[%clk 1:07:31]} 13. Qe2 {[%clk 0:56:40]}
Nb4 {[%clk 0:58:52]} 14. Bb3 {[%clk 0:52:27]} b6 {[%clk 0:52:46]} 15. Bf4 {[%clk
0:46:27]} Ne8 {[%clk 0:43:01]} 16. Rd2 {[%clk 0:40:42]} Nc6 {[%clk 0:30:32]} 17.
Rad1 {[%clk 0:35:37]} Na5 {[%clk 0:30:37]} 18. Ba2 {[%clk 0:35:01]} b5 {[%clk
0:30:07]} 19. Bb3 {[%clk 0:30:51]} Nxb3 {[%clk 0:28:36]} 20. cxb3 {[%clk
0:31:19]} b4 {[%clk 0:27:06]} 21. Nb1 {[%clk 0:28:06]} Qb7 {[%clk 0:25:16]} 22.
e5 {[%clk 0:19:40]} d5 {[%clk 0:21:41]} 23. Qd3 {[%clk 0:17:22]} Rdc8 {[%clk
0:19:37]} 24. Ng5 {[%clk 0:16:22]} Bxg5 {[%clk 0:18:19]} 25. Bxg5 {[%clk
0:16:49]} f6 {[%clk 0:16:00]} 26. exf6 {[%clk 0:15:58]} Nxf6 {[%clk 0:15:05]} 27.
Bxf6 {[%clk 0:13:40]} gxf6 {[%clk 0:15:34]} 28. Qd4 {[%clk 0:13:24]} e5 {[%clk
0:10:53]} 29. Qh4 {[%clk 0:11:01]} Rf8 {[%clk 0:08:16]} 30. Rxd5 {[%clk 0:10:08]}
Be6 {[%clk 0:08:12]} 31. Rd6 {[%clk 0:10:09]} Qe7 {[%clk 0:05:58]} 32. Qg3+
{[%clk 0:07:19]} Kh8 {[%clk 0:05:28]} 33. Qd3 {[%clk 0:07:27]} a5 {[%clk
0:04:59]} 34. Nd2 {[%clk 0:07:24]} Rfd8 {[%clk 0:02:46]} 35. Nc4 {[%clk 0:06:36]}
Rxd6 {[%clk 0:03:05]} 36. Qxd6 {[%clk 0:06:49]} Qf7 {[%clk 0:02:31]} 37. Qc5
{[%clk 0:06:09]} Qa7 {[%clk 0:01:28]} 38. Qxa7 {[%clk 0:05:32]} Rxa7 {[%clk
0:01:57]} 39. Rd6 {[%clk 0:05:40]} Bf5 {[%clk 0:00:34]} 40. Rd5 {[%clk 0:04:35]}
Bc2 {[%clk 0:00:35]} 41. Rxa5 {[%clk 0:02:53]} Rd7 {[%clk 0:25:01]} 42. Rb5
{[%clk 0:29:09]} Bxb3 {[%clk 0:25:05]} 43. Rxb4 {[%clk 0:29:16]} Rd1+ {[%clk
0:21:16]} 44. Kh2 {[%clk 0:29:26]} Bxc4 {[%clk 0:21:03]} 45. Rxc4 {[%clk
0:29:36]} Rd2 {[%clk 0:21:27]} 46. Kg3 {[%clk 0:28:49]} Rxb2 {[%clk 0:17:19]} 47.
f4 {[%clk 0:26:52]} exf4+ {[%clk 0:16:26]} 48. Rxf4 {[%clk 0:27:13]} Kg7 {[%clk
0:16:31]} 49. Rf2 {[%clk 0:26:44]} Rb3+ {[%clk 0:15:52]} 50. Rf3 {[%clk 0:27:03]}
Rb4 {[%clk 0:13:16]} 51. Ra3 {[%clk 0:27:06]} Rb6 {[%clk 0:12:29]} 52. a5 {[%clk
0:27:05]} Ra6 {[%clk 0:12:56]} 53. Kf4 {[%clk 0:26:37]} Kf7 {[%clk 0:13:08]} 54.
Kf5 {[%clk 0:26:38]} Ke7 {[%clk 0:12:51]} 55. Kg4 {[%clk 0:26:16]} Kf7 {[%clk
0:12:54]} 56. Kh5 {[%clk 0:26:30]} Kg7 {[%clk 0:12:03]} 57. Kg4 {[%clk 0:25:20]}
Kg6 {[%clk 0:12:06]} 58. Kf4 {[%clk 0:25:32]} Kf7 {[%clk 0:12:17]} 59. Ke4 {[%clk
0:24:57]} Ke6 {[%clk 0:12:41]} 60. Kd4 {[%clk 0:24:37]} Kd6 {[%clk 0:12:38]} 61.
Kc4 {[%clk 0:24:30]} Kc6 {[%clk 0:12:13]} 62. Rf3 {[%clk 0:24:24]} Kb7 {[%clk
0:11:15]} 63. Kb5 {[%clk 0:24:00]} Re6 {[%clk 0:11:32]} 64. Rf5 {[%clk 0:23:12]}
Ka7 {[%clk 0:11:18]} 65. g4 {[%clk 0:21:12]} Kb7 {[%clk 0:07:40]} 66. Rh5 {[%clk
0:19:17]} Re7 {[%clk 0:07:51]} 67. Rh6 {[%clk 0:19:22]} Rf7 {[%clk 0:04:47]} 68.
Kc5 {[%clk 0:18:34]} f5 {[%clk 0:03:47]} 69. gxf5 {[%clk 0:17:53]} Rxf5+ {[%clk
0:03:53]} 70. Kd6 {[%clk 0:17:56]} Rxa5 {[%clk 0:02:26]} 71. Rxh7+ {[%clk
0:18:15]} Kc8 {[%clk 0:01:38]} 72. Rh8+ {[%clk 0:18:42]} Kb7 {[%clk 0:02:03]} 73.
h4 {[%clk 0:18:45]} Ra6+ {[%clk 0:01:41]} 74. Ke7 {[%clk 0:18:58]} Kc7 {[%clk
0:01:43]} 75. h5 {[%clk 0:19:16]} Ra2 {[%clk 0:01:17]} 76. h6 {[%clk 0:19:10]}
Rh2 {[%clk 0:01:11]} 77. Kf7 {[%clk 0:18:41]} Rh3 {[%clk 0:00:33]} 78. Kg7 {[%clk
0:18:37]} Rg3+ {[%clk 0:00:37]} 79. Kh7 {[%clk 0:18:35]} Kd7 {[%clk 0:00:43]} 80.
Rg8 {[%clk 0:18:53]} Rh3 {[%clk 0:00:58]} 81. Rg6 {[%clk 0:18:49]} Ke8 {[%clk
0:00:34]} 82. Kg7 {[%clk 0:17:46]} 1-0

[Event "30. Off. Senioren-LEM Sachsen-Anhalt 65+"]
[Site "Magdeburg"]
[Date "2022.08.04"]
[Time "10:00:00"]
[Round "4.12"]
[White "Wagner, Ingolf"]
[Black "Waltenberger, Udo"]
[Result "1/2-1/2"]
[WhiteElo "1859"]
[BlackElo "2021"]
[WhiteTeam "SG Guestrow/Teterow"]
[BlackTeam "SV Eiche Reichenbrand"]

1. d4 {[%clk 1:30:55]} Nf6 {[%clk 1:30:54]} 2. Nf3 {[%clk 1:31:20]} g6 {[%clk
1:31:17]} 3. c4 {[%clk 1:31:44]} Bg7 {[%clk 1:31:43]} 4. Nc3 {[%clk 1:32:06]} d5
{[%clk 1:32:08]} 5. cxd5 {[%clk 1:32:31]} Nxd5 {[%clk 1:32:33]} 6. e4 {[%clk
1:32:57]} Nxc3 {[%clk 1:32:55]} 7. bxc3 {[%clk 1:33:25]} c5 {[%clk 1:32:43]} 8.
Be3 {[%clk 1:33:44]} Qa5 {[%clk 1:33:04]} 9. Bd2 {[%clk 1:28:56]} O-O {[%clk
1:27:11]} 10. h3 {[%clk 1:22:09]} cxd4 {[%clk 1:17:54]} 11. cxd4 {[%clk 1:19:54]}
Qa3 {[%clk 1:17:52]} 12. Bc4 {[%clk 1:04:04]} Nc6 {[%clk 1:18:01]} 13. Rb1 {[%clk
0:47:16]} Rd8 {[%clk 1:02:08]} 14. d5 {[%clk 0:34:54]} Na5 {[%clk 1:01:27]} 15.
Bb3 {[%clk 0:31:11]} b6 {[%clk 0:54:22]} 16. O-O {[%clk 0:30:13]} Nxb3 {[%clk
0:54:04]} 17. axb3 {[%clk 0:21:55]} Ba6 {[%clk 0:51:57]} 18. Re1 {[%clk 0:17:13]}
Qd6 {[%clk 0:46:23]} 19. b4 {[%clk 0:14:37]} Bb5 {[%clk 0:45:05]} 20. Qb3 {[%clk
0:14:27]} Rac8 {[%clk 0:38:47]} 21. Rbc1 {[%clk 0:14:30]} Qd7 {[%clk 0:38:31]}
22. Bf4 {[%clk 0:13:12]} Rxc1 {[%clk 0:32:37]} 23. Rxc1 {[%clk 0:13:38]} Rc8
{[%clk 0:32:48]} 24. Qe3 {[%clk 0:13:25]} a5 {[%clk 0:19:45]} 1/2-1/2

[Event "30. Off. Senioren-LEM Sachsen-Anhalt 65+"]
[Site "Magdeburg"]
[Date "2022.08.04"]
[Time "10:00:00"]
[Round "4.13"]
[White "Christen, Pierre"]
[Black "Heise, Juergen"]
[Result "0-1"]
[WhiteElo "1866"]
[BlackElo "2011"]
[WhiteTeam "SG Trier 1877 e.V."]
[BlackTeam "SV Freibauer Barleben"]

1. c4 {[%clk 1:30:56]} c5 {[%clk 1:30:42]} 2. g3 {[%clk 1:31:08]} g6 {[%clk
1:31:09]} 3. Bg2 {[%clk 1:31:27]} Bg7 {[%clk 1:31:37]} 4. Nc3 {[%clk 1:31:43]} d6
{[%clk 1:31:49]} 5. Nf3 {[%clk 1:31:57]} Nc6 {[%clk 1:32:06]} 6. O-O {[%clk
1:32:09]} e5 {[%clk 1:31:39]} 7. a3 {[%clk 1:31:15]} Nge7 {[%clk 1:31:40]} 8. Rb1
{[%clk 1:31:02]} Rb8 {[%clk 1:31:02]} 9. b4 {[%clk 1:28:05]} b6 {[%clk 1:30:08]}
10. d3 {[%clk 1:27:02]} O-O {[%clk 1:30:20]} 11. Bg5 {[%clk 1:25:38]} f6 {[%clk
1:27:08]} 12. Bd2 {[%clk 1:25:04]} Be6 {[%clk 1:26:56]} 13. Ne1 {[%clk 1:20:30]}
Qd7 {[%clk 1:25:11]} 14. Nc2 {[%clk 1:16:30]} Bh3 {[%clk 1:18:15]} 15. b5 {[%clk
1:03:46]} Nd4 {[%clk 1:13:25]} 16. Ne3 {[%clk 1:03:19]} Bxg2 {[%clk 1:13:01]} 17.
Nxg2 {[%clk 1:02:21]} d5 {[%clk 1:11:30]} 18. e3 {[%clk 0:59:45]} Ne6 {[%clk
1:10:42]} 19. Qc2 {[%clk 0:54:42]} Rbd8 {[%clk 1:06:02]} 20. Rfd1 {[%clk
0:53:35]} Ng5 {[%clk 1:04:29]} 21. Nh4 {[%clk 0:46:04]} Qg4 {[%clk 0:48:52]} 22.
f3 {[%clk 0:42:03]} Nxf3+ {[%clk 0:48:19]} 23. Nxf3 {[%clk 0:42:22]} Qxf3 {[%clk
0:48:45]} 24. Rf1 {[%clk 0:42:34]} Qg4 {[%clk 0:48:59]} 25. cxd5 {[%clk 0:34:23]}
Nxd5 {[%clk 0:46:26]} 26. Qb3 {[%clk 0:34:22]} Qe6 {[%clk 0:46:44]} 27. e4 {[%clk
0:34:30]} Nc7 {[%clk 0:46:53]} 28. Qxe6+ {[%clk 0:34:46]} Nxe6 {[%clk 0:47:21]}
29. Nd5 {[%clk 0:35:04]} Rd7 {[%clk 0:45:18]} 30. a4 {[%clk 0:34:59]} Nc7 {[%clk
0:44:29]} 31. Nxc7 {[%clk 0:32:12]} Rxc7 {[%clk 0:44:57]} 32. Rb3 {[%clk
0:29:10]} Rd7 {[%clk 0:45:07]} 33. Bc1 {[%clk 0:25:21]} Rfd8 {[%clk 0:41:45]} 34.
Rf3 {[%clk 0:22:29]} c4 {[%clk 0:39:10]} 35. Rc3 {[%clk 0:22:40]} Rxd3 {[%clk
0:38:43]} 36. Rfxd3 {[%clk 0:22:57]} cxd3 {[%clk 0:38:38]} 37. Bd2 {[%clk
0:22:30]} Rd7 {[%clk 0:35:50]} 38. Kf1 {[%clk 0:18:42]} Bf8 {[%clk 0:34:54]} 39.
Ke1 {[%clk 0:13:20]} Bc5 {[%clk 0:32:48]} 40. a5 {[%clk 0:12:52]} Rd4 {[%clk
0:32:43]} 41. Kd1 {[%clk 0:11:55]} Rxe4 {[%clk 0:31:44]} 42. axb6 {[%clk
0:11:46]} axb6 {[%clk 0:31:53]} 43. Rxd3 {[%clk 0:12:06]} Rd4 {[%clk 0:32:08]}
44. Rxd4 {[%clk 0:11:50]} Bxd4 {[%clk 0:32:36]} 0-1

[Event "30. Off. Senioren-LEM Sachsen-Anhalt 65+"]
[Site "Magdeburg"]
[Date "2022.08.04"]
[Time "10:00:00"]
[Round "4.14"]
[White "Kollberg, Lothar"]
[Black "Kuhle, Ingo"]
[Result "1/2-1/2"]
[WhiteElo "2007"]
[BlackElo "1850"]
[WhiteTeam "SC Zugzwang 95 e.V."]
[BlackTeam "Burger SK Schwarz-Weiss"]

1. d4 {[%clk 1:30:55]} Nf6 {[%clk 1:30:57]} 2. c4 {[%clk 1:31:16]} g6 {[%clk
1:31:23]} 3. g3 {[%clk 1:31:37]} c6 {[%clk 1:31:42]} 4. Bg2 {[%clk 1:31:52]} d5
{[%clk 1:31:47]} 5. Nf3 {[%clk 1:31:33]} Bg7 {[%clk 1:31:36]} 6. O-O {[%clk
1:29:17]} O-O {[%clk 1:31:54]} 7. Ne5 {[%clk 1:26:47]} Nbd7 {[%clk 1:31:50]} 8.
Nc3 {[%clk 1:21:04]} Nxe5 {[%clk 1:30:08]} 9. dxe5 {[%clk 1:21:27]} Nd7 {[%clk
1:30:26]} 10. cxd5 {[%clk 1:20:05]} Nxe5 {[%clk 1:30:22]} 11. Qa4 {[%clk
1:09:25]} Bd7 {[%clk 1:21:03]} 12. dxc6 {[%clk 1:06:15]} Bxc6 {[%clk 1:19:18]}
13. Bxc6 {[%clk 0:58:36]} Nxc6 {[%clk 1:19:40]} 14. Rd1 {[%clk 0:58:25]} Qa5
{[%clk 1:19:04]} 15. Qh4 {[%clk 0:46:25]} Rfd8 {[%clk 1:13:00]} 16. Bg5 {[%clk
0:39:24]} Rxd1+ {[%clk 1:10:13]} 17. Rxd1 {[%clk 0:39:47]} Rd8 {[%clk 1:09:37]}
18. Rxd8+ {[%clk 0:32:41]} 1/2-1/2

[Event "30. Off. Senioren-LEM Sachsen-Anhalt 65+"]
[Site "Magdeburg"]
[Date "2022.08.04"]
[Time "10:00:00"]
[Round "4.15"]
[White "Schwarz, Hans"]
[Black "Peleikis, Horst"]
[Result "0-1"]
[WhiteElo "1846"]
[BlackElo "1990"]
[WhiteTeam "SV Rochade Magdeburg 96"]
[BlackTeam "HSK Lister Turm"]

1. e4 {[%clk 1:30:56]} c5 {[%clk 1:31:00]} 2. Nc3 {[%clk 1:30:30]} Nc6 {[%clk
1:31:20]} 3. f4 {[%clk 1:30:55]} g6 {[%clk 1:31:43]} 4. Nf3 {[%clk 1:31:20]} Bg7
{[%clk 1:32:04]} 5. Bb5 {[%clk 1:31:44]} Nd4 {[%clk 1:32:23]} 6. Nxd4 {[%clk
1:31:59]} cxd4 {[%clk 1:32:37]} 7. Ne2 {[%clk 1:32:18]} Nf6 {[%clk 1:32:55]} 8.
Ng3 {[%clk 1:31:21]} O-O {[%clk 0:00:33]} 9. Bc4 {[%clk 0:02:02]} d5 {[%clk
1:28:12]} 10. Bxd5 {[%clk 1:31:25]} Nxd5 {[%clk 1:28:15]} 11. exd5 {[%clk
1:31:33]} Qxd5 {[%clk 1:28:43]} 12. O-O {[%clk 1:31:37]} e6 {[%clk 1:22:26]} 13.
d3 {[%clk 1:31:40]} Bd7 {[%clk 1:18:29]} 14. Bd2 {[%clk 1:30:32]} Bc6 {[%clk
1:16:10]} 15. Qe2 {[%clk 1:30:52]} f5 {[%clk 1:04:39]} 16. c4 {[%clk 1:26:43]}
dxc3 {[%clk 1:04:31]} 17. Bxc3 {[%clk 1:26:37]} Bd4+ {[%clk 1:03:25]} 18. Kh1
{[%clk 1:26:43]} Rfe8 {[%clk 1:03:35]} 19. Rac1 {[%clk 1:23:55]} e5 {[%clk
1:01:58]} 20. Bxd4 {[%clk 1:20:52]} exd4 {[%clk 1:01:08]} 21. Qf2 {[%clk
1:21:08]} Re3 {[%clk 1:00:14]} 22. Rfd1 {[%clk 1:08:06]} Rae8 {[%clk 0:56:50]}
23. b3 {[%clk 1:05:47]} h5 {[%clk 0:56:07]} 24. h4 {[%clk 1:03:44]} Qd8 {[%clk
0:55:38]} 25. Kg1 {[%clk 0:56:10]} Qxh4 {[%clk 0:50:59]} 26. Re1 {[%clk 0:53:56]}
Qxg3 {[%clk 0:46:30]} 0-1

[Event "30. Off. Senioren-LEM Sachsen-Anhalt 65+"]
[Site "Magdeburg"]
[Date "2022.08.04"]
[Time "10:00:00"]
[Round "4.16"]
[White "Kothe, Manfred"]
[Black "Mikolajewski, Armin"]
[Result "1/2-1/2"]
[WhiteElo "1854"]
[BlackElo "1986"]
[WhiteTeam "SC Zugzwang 95 e.V."]
[BlackTeam "Naumburger Sportverein 1951"]

1. e4 {[%clk 1:30:54]} e5 {[%clk 1:30:49]} 2. Nf3 {[%clk 1:31:12]} Nc6 {[%clk
1:31:10]} 3. Bc4 {[%clk 0:00:34]} Nf6 {[%clk 1:31:26]} 4. d3 {[%clk 1:31:23]} Be7
{[%clk 1:31:45]} 5. a4 {[%clk 1:30:54]} d6 {[%clk 1:31:24]} 6. h3 {[%clk
1:30:31]} O-O {[%clk 1:31:19]} 7. O-O {[%clk 1:30:09]} Na5 {[%clk 1:28:15]} 8.
Ba2 {[%clk 1:29:25]} c5 {[%clk 1:28:22]} 9. c3 {[%clk 1:28:26]} Nc6 {[%clk
1:28:18]} 10. Be3 {[%clk 1:26:04]} Qc7 {[%clk 1:19:23]} 11. Na3 {[%clk 1:21:18]}
a6 {[%clk 1:16:34]} 12. Nc2 {[%clk 1:20:03]} Bd7 {[%clk 1:14:51]} 13. b4 {[%clk
1:12:00]} b5 {[%clk 1:11:46]} 14. a5 {[%clk 1:06:51]} h6 {[%clk 1:01:58]} 15. Nh2
{[%clk 1:01:19]} Rac8 {[%clk 0:58:37]} 16. Rc1 {[%clk 0:59:35]} Be6 {[%clk
0:54:15]} 17. Bxe6 {[%clk 0:53:26]} fxe6 {[%clk 0:54:20]} 18. Ng4 {[%clk
0:51:43]} Kh7 {[%clk 0:45:55]} 19. Nxf6+ {[%clk 0:49:30]} Rxf6 {[%clk 0:46:03]}
20. Qh5 {[%clk 0:46:31]} Rg6 {[%clk 0:44:40]} 21. Ne1 {[%clk 0:45:18]} Bg5 {[%clk
0:41:02]} 22. h4 {[%clk 0:43:32]} Bxe3 {[%clk 0:37:04]} 23. fxe3 {[%clk 0:43:56]}
Rf6 {[%clk 0:26:21]} 24. Nf3 {[%clk 0:42:08]} Kg8 {[%clk 0:26:05]} 25. g4 {[%clk
0:39:33]} Qf7 {[%clk 0:24:01]} 26. Qxf7+ {[%clk 0:39:12]} Rxf7 {[%clk 0:24:23]}
27. bxc5 {[%clk 0:36:31]} dxc5 {[%clk 0:24:40]} 28. h5 {[%clk 0:34:54]} Rfc7
{[%clk 0:23:36]} 29. Kg2 {[%clk 0:34:00]} b4 {[%clk 0:22:17]} 30. cxb4 {[%clk
0:33:37]} cxb4 {[%clk 0:22:20]} 31. Rb1 {[%clk 0:29:40]} Rb7 {[%clk 0:21:42]} 32.
Rfc1 {[%clk 0:29:49]} Rcc7 {[%clk 0:20:52]} 33. Rb3 {[%clk 0:29:01]} Rb5 {[%clk
0:05:06]} 1/2-1/2

[Event "30. Off. Senioren-LEM Sachsen-Anhalt 65+"]
[Site "Magdeburg"]
[Date "2022.08.04"]
[Time "10:00:00"]
[Round "4.17"]
[White "Fleischer, Martin"]
[Black "Korth, Manfred, Dr."]
[Result "1/2-1/2"]
[WhiteElo "1830"]
[BlackElo "1977"]
[WhiteTeam "SV Einheit Schwerin"]
[BlackTeam "SC Heideck-Hilpoltstein"]

1. e4 {[%clk 1:29:38]} d6 {[%clk 1:30:55]} 2. Nf3 {[%clk 1:27:28]} e5 {[%clk
1:30:17]} 3. c3 {[%clk 1:27:06]} Nf6 {[%clk 1:28:54]} 4. h3 {[%clk 1:25:18]} Be7
{[%clk 1:28:36]} 5. Be2 {[%clk 1:23:45]} O-O {[%clk 1:28:40]} 6. Qc2 {[%clk
1:23:28]} c6 {[%clk 1:27:35]} 7. a3 {[%clk 1:22:46]} Nbd7 {[%clk 1:24:51]} 8. d3
{[%clk 1:22:20]} a5 {[%clk 1:23:29]} 9. Be3 {[%clk 1:21:26]} a4 {[%clk 1:20:44]}
10. b3 {[%clk 1:19:42]} axb3 {[%clk 1:19:15]} 11. Qxb3 {[%clk 1:19:56]} Qc7
{[%clk 1:18:53]} 12. Nbd2 {[%clk 1:18:24]} d5 {[%clk 1:18:34]} 13. a4 {[%clk
1:13:41]} Nc5 {[%clk 1:17:26]} 14. Bxc5 {[%clk 1:12:54]} Bxc5 {[%clk 1:17:49]}
15. exd5 {[%clk 1:12:04]} Nxd5 {[%clk 1:16:31]} 16. Ne4 {[%clk 1:06:45]} Be7
{[%clk 1:16:05]} 17. O-O {[%clk 0:59:05]} f5 {[%clk 1:11:49]} 18. Ng3 {[%clk
0:51:45]} Be6 {[%clk 1:11:02]} 19. Qc2 {[%clk 0:51:14]} Bf6 {[%clk 1:10:06]} 20.
Rfe1 {[%clk 0:47:11]} h6 {[%clk 1:04:48]} 21. Bf1 {[%clk 0:44:10]} Qa5 {[%clk
0:57:50]} 22. Ne2 {[%clk 0:34:36]} Bf7 {[%clk 0:50:29]} 23. Nd2 {[%clk 0:34:05]}
Qc5 {[%clk 0:46:54]} 24. Nb3 {[%clk 0:33:21]} Qd6 {[%clk 0:46:36]} 25. Nd2 {[%clk
0:30:37]} Rfd8 {[%clk 0:46:39]} 26. Nc4 {[%clk 0:30:16]} Qc5 {[%clk 0:45:01]} 27.
Ng3 {[%clk 0:29:00]} g6 {[%clk 0:43:25]} 28. a5 {[%clk 0:27:12]} Bh4 {[%clk
0:37:40]} 29. Nh1 {[%clk 0:23:07]} Re8 {[%clk 0:35:13]} 30. g3 {[%clk 0:16:43]}
Bd8 {[%clk 0:35:11]} 31. Qc1 {[%clk 0:13:58]} Bg5 {[%clk 0:33:36]} 32. Qb2 {[%clk
0:13:17]} 1/2-1/2

[Event "30. Off. Senioren-LEM Sachsen-Anhalt 65+"]
[Site "Magdeburg"]
[Date "2022.08.04"]
[Time "10:00:00"]
[Round "4.18"]
[White "Krien, Hartmut"]
[Black "Jeute, Peter"]
[Result "1/2-1/2"]
[WhiteElo "1967"]
[BlackElo "1833"]
[WhiteTeam "Schachklub Heidenau"]
[BlackTeam "SV Bannewitz"]

1. e4 {[%clk 1:30:56]} d5 {[%clk 1:30:54]} 2. exd5 {[%clk 1:31:15]} Qxd5 {[%clk
1:31:15]} 3. Nc3 {[%clk 1:31:05]} Qa5 {[%clk 1:31:37]} 4. Nf3 {[%clk 1:31:05]}
Nf6 {[%clk 1:31:59]} 5. Bc4 {[%clk 1:30:43]} Bf5 {[%clk 1:31:57]} 6. O-O {[%clk
1:30:09]} Nbd7 {[%clk 1:28:43]} 7. Qe2 {[%clk 1:24:13]} e6 {[%clk 1:23:50]} 8.
Nd4 {[%clk 1:16:27]} O-O-O {[%clk 1:20:09]} 9. Nxf5 {[%clk 1:12:53]} Qxf5 {[%clk
1:20:28]} 10. Bd3 {[%clk 1:02:28]} Qe5 {[%clk 1:16:17]} 11. b3 {[%clk 0:57:28]}
Bd6 {[%clk 1:06:19]} 12. Qxe5 {[%clk 0:51:37]} Nxe5 {[%clk 1:04:51]} 13. Be2
{[%clk 0:51:13]} Be7 {[%clk 1:01:03]} 14. d3 {[%clk 0:47:54]} Nc6 {[%clk
0:59:48]} 15. Bb2 {[%clk 0:43:00]} Nd4 {[%clk 0:59:02]} 16. Bd1 {[%clk 0:43:04]}
Rhg8 {[%clk 0:54:42]} 17. Ne2 {[%clk 0:41:49]} Nxe2+ {[%clk 0:54:23]} 18. Bxe2
{[%clk 0:42:16]} Nd5 {[%clk 0:54:41]} 19. Rfd1 {[%clk 0:40:00]} Bf6 {[%clk
0:54:06]} 20. d4 {[%clk 0:39:26]} c6 {[%clk 0:52:00]} 21. a3 {[%clk 0:38:54]} Rd7
{[%clk 0:52:01]} 22. g3 {[%clk 0:34:44]} Rgd8 {[%clk 0:51:58]} 23. c3 {[%clk
0:34:30]} Ne7 {[%clk 0:51:12]} 24. Rd2 {[%clk 0:31:40]} Kc7 {[%clk 0:50:42]} 25.
Rad1 {[%clk 0:30:53]} g6 {[%clk 0:46:44]} 26. Rd3 {[%clk 0:26:44]} Bg7 {[%clk
0:45:16]} 27. Bc1 {[%clk 0:26:19]} a6 {[%clk 0:31:04]} 28. Bg5 {[%clk 0:24:35]}
Re8 {[%clk 0:31:07]} 29. Bf4+ {[%clk 0:22:22]} Kc8 {[%clk 0:31:01]} 30. Bf3
{[%clk 0:18:33]} Red8 {[%clk 0:30:53]} 31. Bg5 {[%clk 0:18:17]} h6 {[%clk
0:30:42]} 32. Be3 {[%clk 0:15:30]} Nf5 {[%clk 0:24:14]} 33. Bc1 {[%clk 0:13:14]}
Ne7 {[%clk 0:24:12]} 34. b4 {[%clk 0:12:55]} Kc7 {[%clk 0:21:04]} 35. a4 {[%clk
0:12:51]} f5 {[%clk 0:13:22]} 36. Be2 {[%clk 0:10:31]} Rd5 {[%clk 0:11:13]} 37.
Bf4+ {[%clk 0:09:43]} Kc8 {[%clk 0:10:25]} 38. Re3 {[%clk 0:08:26]} e5 {[%clk
0:10:16]} 39. Bxe5 {[%clk 0:08:19]} Bxe5 {[%clk 0:10:34]} 40. Rxe5 {[%clk
0:08:42]} Rxe5 {[%clk 0:10:46]} 41. dxe5 {[%clk 0:09:06]} Rxd1+ {[%clk 0:11:09]}
42. Bxd1 {[%clk 0:09:32]} Nd5 {[%clk 0:11:30]} 43. h4 {[%clk 0:02:17]} f4 {[%clk
0:08:12]} 44. gxf4 {[%clk 0:30:17]} Nxf4 {[%clk 0:38:26]} 45. Bg4+ {[%clk
0:28:56]} Kd8 {[%clk 0:38:45]} 46. Bf3 {[%clk 0:27:58]} Nd3 {[%clk 0:37:56]} 47.
Be4 {[%clk 0:27:29]} Nxe5 {[%clk 0:37:39]} 48. f4 {[%clk 0:27:30]} Nd7 {[%clk
0:36:11]} 49. Bxg6 {[%clk 0:27:32]} Nb6 {[%clk 0:09:20]} 1/2-1/2